| 000 | 01169nac a22002291u 4500 | ||
|---|---|---|---|
| 010 | _a 94001457 | ||
| 020 | _a0131214438 | ||
| 082 | 0 | 0 |
_a005.153 _bLIP |
| 090 |
_c5961 _d5961 |
||
| 100 | _aLipkin, Bernice Sacks. | ||
| 245 | 1 | 0 |
_aString processing and text manipulation in C : _bselected data structures and techniques / _cBernice Sacks Lipkin. |
| 260 |
_aEnglewood Cliffs, N.J. : _bPTR Prentice Hall,c1994. _cc1994. |
||
| 300 |
_axviii, 446 p. : _bill. ; _c24 cm. + _e1 computer disk (3 1/2 in.) |
||
| 440 | 0 | _aPrentice Hall series on programming tools and methodologies | |
| 500 | _aSystem requirements for computer disk: IBM-compatible PC with 386 processor; 64 Kb cache memory; DOS 5; 640K and 16M extended memory; 200M hard disk and a 387 floating pointing processor; Microsoft C Compiler 5.1; ANSI C 7. | ||
| 500 | _aIncludes index. | ||
| 500 | _a"Listings to accompany String processing and text manipultaion in C: selected data structures and techniques"--Disk label. | ||
| 500 | _aDistributer : Al-Ahram. | ||
| 511 | _aCatalogued By: Mahitab. | ||
| 650 | 0 | _aC (Computer program language) | |
| 942 |
_cBB _k005.153LIP |
||
| 999 |
_c5961 _d5961 |
||